000 00489nam a2200181Ia 4500
005 20250508161626.0
008 008 250505s9999 xx 000 0 eng d
037 _aTextual
040 _aFEDL
_beng
_cFEDL
041 _aeng
_2eng
084 _a523.3, WIL
_qFEDL
100 _aWilford John Noble
_9771096
245 0 _aWe reach the moon
260 _aNew York, USA
_bBantam Books
_c1969
300 _axix,331p.
942 _cTEXL
_h523.3, WIL
999 _c1371195
_d1371195